Actos de salvajismo / (Record no. 22224)
[ view plain ]
| 000 -CABECERA | |
|---|---|
| campo de control de longitud fija | 00913nam a2200277 a 4500 |
| 001 - NÚMERO DE CONTROL | |
| campo de control | 000022727 |
| 003 - IDENTIFICADOR DEL NÚMERO DE CONTROL | |
| campo de control | OSt |
| 005 - FECHA Y HORA DE LA ÚLTIMA TRANSACCIÓN | |
| campo de control | 20200930021748.0 |
| 008 - DATOS DE LONGITUD FIJA--INFORMACIÓN GENERAL | |
| campo de control de longitud fija | 101116s1999 ve r 000 0 spa d |
| 020 ## - NÚMERO INTERNACIONAL ESTÁNDAR DEL LIBRO | |
| Número Internacional Estándar del Libro | 9800758992 |
| 040 ## - FUENTE DE LA CATALOGACIÓN | |
| Centro catalogador/agencia de origen | DO-SdBNP |
| Lengua de catalogación | spa |
| Centro/agencia transcriptor | BNPHU |
| 082 ## - NÚMERO DE LA CLASIFICACIÓN DECIMAL DEWEY | |
| Número de clasificación | V863.44 |
| Número de documento/Ítem | S678a |
| 100 1# - ENTRADA PRINCIPAL--NOMBRE DE PERSONA | |
| Nombre de persona | Socorro, Milagros |
| Fechas asociadas al nombre | 1960- |
| 9 (RLIN) | 46707 |
| 245 10 - MENCIÓN DE TÍTULO | |
| Título | Actos de salvajismo / |
| Mención de responsabilidad, etc. | Milagros Socorro. |
| 260 ## - PUBLICACIÓN, DISTRIBUCIÓN, ETC. | |
| Lugar de publicación, distribución, etc. | Caracas : |
| Nombre del editor, distribuidor, etc. | Decanato del Núcleo de Sucre, |
| -- | Universidad de Oriente, |
| Fecha de publicación, distribución, etc. | 1999. |
| 300 ## - DESCRIPCIÓN FÍSICA | |
| Extensión | 103 p. ; |
| Dimensiones | 22 cm. |
| 490 1# - MENCIÓN DE SERIE | |
| Mención de serie | Bienal literaria Literaria José Antonio Ramos Sucre ; |
| Designación de volumen o secuencia | 12 ; |
| 586 ## - NOTA DE PREMIOS | |
| Nota de premios | Premio Mención Cuento Noviembre, 1997. |
| 590 ## - NOTA LOCAL (RLIN) | |
| Nota local | Inventariado, 2020/ YL |
| 650 #4 - PUNTO DE ACCESO ADICIONAL DE MATERIA--TÉRMINO DE MATERIA | |
| Término de materia o nombre geográfico como elemento de entrada | Novela venezolana |
| 9 (RLIN) | 3962 |
| 650 #4 - PUNTO DE ACCESO ADICIONAL DE MATERIA--TÉRMINO DE MATERIA | |
| Término de materia o nombre geográfico como elemento de entrada | Literatura venezolana |
| Subdivisión cronológica | SIGLO XX |
| 9 (RLIN) | 9777 |
| 830 #0 - PUNTO DE ACCESO ADICIONAL DE SERIE-TÍTULO UNIFORME | |
| Título uniforme | Bienal literaria José Antonio Ramos Sucre |
| 9 (RLIN) | 41850 |
| Número de parte o sección de la obra | 12 |
| 910 ## - DATOS DE OPCIÓN DEL USUARIO (OCLC) | |
| Datos de opción del usuario | En proceso |
| 942 ## - ELEMENTOS DE PUNTO DE ACCESO ADICIONAL (KOHA) | |
| Fuente del sistema de clasificación o colocación | Dewey Decimal Classification |
| Tipo de ítem Koha | Libros y folletos |
| 956 ## - LOCALIZACIÓN Y ACCESO ELECTRÓNICOS LOCAL (OCLC) | |
| Nombre del host | YLOCKWARD |
| Estado de retiro | Estado de pérdida | Fuente del sistema de clasificación o colocación | Restricciones de uso | No para préstamo | Código de colección | Localización permanente | Ubicación/localización actual | Ubicación en estantería | Fecha de adquisición | Fuente de adquisición | Número de inventario | Total de préstamos | Signatura topográfica completa | Código de barras | Fecha visto por última vez | Precio válido a partir de | Tipo de ítem Koha | Número de copia |
|---|---|---|---|---|---|---|---|---|---|---|---|---|---|---|---|---|---|---|
| Dewey Decimal Classification | Excluido de préstamo | Monografías: Libros y Folletos | General | General | En catalogación | 17.11.2010 | Donación | LF1 | V863.44 S678a | 22727-10 | 25.06.2020 | 25.06.2020 | No se presta | |||||
| Dewey Decimal Classification | Excluido de préstamo | Monografías: Libros y Folletos | General | General | En catalogación | 17.11.2010 | Donación | LF1 | V863.44 S678a | 22727-20 | 25.06.2020 | 25.06.2020 | No se presta | e. 2 | ||||
| Extraviado | Dewey Decimal Classification | Monografías: Libros y Folletos | General | General | Extraviado | 18.04.2017 | LF1 | V863.44 S678a | 22727-30 | 25.06.2020 | 25.06.2020 | Préstamo en sala | e. 3 |
